000
00275nam a2200109Ia 4500
001
588933
005
20250717120839.0
008
250717s9999 xx 000 0 und d
245
0
_a
Y-8 SİMURMA YOLCULUK
_c
ÖZGÜR ARAS TÜFEK
260
_b
ERDEM YAYINLARI
_c
2020
300
_b
109
999
_c
588933
_d
588933